Usage of Indicators of Innovativeness in Marketing Performance Assessment in Companies in Slovakia

Základné prístupy v oblasti hodnotenia marketingového výkonu. Základné kategórie ukazovateľov hodnotenia marketingovej výkonnosti. Trend zvyšujúceho sa počtu ukazovateľov používaných v oblasti hodnotenia marketingovej výkonnosti. Ukazovatele inovatívnosti. Problematiku hodnotenia marketingového výko...

Descrizione completa

Salvato in:
Dettagli Bibliografici
Autore principale: Hrušovská, Dana, 1964-
Altri autori: Grančičová, Katarína, 1967-
Natura: Capitolo di libro
Lingua:inglese
Soggetti:
Tags: Aggiungi Tag
Nessun Tag, puoi essere il primo ad aggiungerne!!

MARC

LEADER 00000naa$a2200000$$$4500
001 0270384
005 20240502083813.0
041 0 |a eng 
044 |a FR 
245 1 0 |a Usage of Indicators of Innovativeness in Marketing Performance Assessment in Companies in Slovakia  |c Dana Hrušovská, Katarína Grančičová 
520 |a Základné prístupy v oblasti hodnotenia marketingového výkonu. Základné kategórie ukazovateľov hodnotenia marketingovej výkonnosti. Trend zvyšujúceho sa počtu ukazovateľov používaných v oblasti hodnotenia marketingovej výkonnosti. Ukazovatele inovatívnosti. Problematiku hodnotenia marketingového výkonu v spoločnostiach na Slovensku. 
610 2 0 |a inovácia 
610 2 0 |a ukazovatele 
610 2 0 |a marketing 
610 2 0 |a výkonnosť 
610 2 0 |a podnik 
100 1 |a Hrušovská, Dana, 1964- 
700 1 |a Grančičová, Katarína, 1967-